000 01013nam a2200277 i 4500
001 142657
003 ES-MaACL
005 20250730233736.0
007 t|
008 071009s1961 sp ||||1| cat d
080 _a61(467.14 Reus)"12/15"
080 _a92:61(467.14 Reus)
100 1 _aVilaseca Anguera, Salvador.
_9114839
245 1 0 _aMetges, cirurgians i apotecaris reusencs dels segles XIII-XVI
_b: la cofraria dels Sants Metges de Reus /
_cSalvador Vilaseca Anguera ; práoleg de A. Pedro-Pons.
260 _aReus :
_bAsociación de Estudios Reusenses,
_c1961.
300 _a178 p. :
_bil. ;
_c25 cm.
490 1 _aEdicions "Rosa de Reus" ;
_v25
650 4 _aMédicos-
_zReus.
_914943
650 4 _aFarmacéuticos-
_zReus.
_912718
650 4 _aCirujanos-
_zReus.
_911060
700 1 _aPedro Pons, A.,
_d1898-1971
_989929
710 0 0 _aAsociación de Estudios Reusenses.
_91590
830 0 _aEdicions "Rosa de Reus" ;
_v25
_9220502
852 _aES-MaACL
_jF-14053
999 _c142657
_d142657